| 000 | 00560nam a22001937a 4500 | ||
|---|---|---|---|
| 003 | CEME | ||
| 005 | 20210628210239.0 | ||
| 008 | 210216b xxu||||| |||| 00| 0 eng d | ||
| 020 | _a0-07-116605-X | ||
| 040 | _c. | ||
| 082 | _a621.815 NOR | ||
| 100 |
_aNorton, Robert. L _918983 |
||
| 245 | _aDesign of machinery an introduction to the synthesis and analysis of mechanisms of machines | ||
| 250 | _a2ND | ||
| 260 |
_aBOSTON _bMCGRAW HILL _c1999 |
||
| 300 | _aXX,810P | ||
| 650 |
_aMACHINERY-DESIGN MACHINER,KINEMATIC MACHINERY _978720 |
||
| 942 |
_cBK _2ddc |
||
| 999 |
_c583812 _d583812 |
||